| 000 | 00348nam a2200145Ia 4500 | ||
|---|---|---|---|
| 008 | 150201s2010 xx 000 0 und d | ||
| 082 |
_a610.72 _bE10B |
||
| 100 | _aBASAVANATHAPPA , BT. | ||
| 245 | _aESSENTIALS OF NURSING RESEARCH | ||
| 250 | _a1ST | ||
| 260 |
_bJAYPEE _aDELHI _c2010 |
||
| 300 | _a388 | ||
| 650 | _aRESEARCH | ||
| 942 |
_2ddc _cBK _010 |
||
| 999 |
_c2418 _d2418 |
||